MARC details
| 000 -CABECERA |
| campo de control de longitud fija |
00930cam a2200241 a 4500 |
| 001 - NÚMERO DE CONTROL |
| campo de control |
000008809 |
| 005 - FECHA Y HORA DE LA ÚLTIMA TRANSACCIÓN |
| campo de control |
20200929161418.0 |
| 008 - DATOS DE LONGITUD FIJA--INFORMACIÓN GENERAL |
| campo de control de longitud fija |
020725s2001 nq 001 f spa |
| 020 ## - NÚMERO INTERNACIONAL ESTÁNDAR DEL LIBRO |
| Número Internacional Estándar del Libro |
9992442301 |
| 040 ## - FUENTE DE LA CATALOGACIÓN |
| Centro catalogador/agencia de origen |
DO-SdBNP |
| Lengua de catalogación |
spa |
| Centro/agencia transcriptor |
DLC |
| Centro/agencia modificador |
BNPHU |
| 082 ## - NÚMERO DE LA CLASIFICACIÓN DECIMAL DEWEY |
| Número de clasificación |
N863.44 |
| Número de documento/Ítem |
B267s |
| 049 ## - FONDOS LOCALES (OCLC) |
| Fondos de biblioteca |
BNGR |
| 100 1# - ENTRADA PRINCIPAL--NOMBRE DE PERSONA |
| Nombre de persona |
Barquero Baltodano, Mario. |
| 9 (RLIN) |
23352 |
| 245 10 - MENCIÓN DE TÍTULO |
| Título |
Siete expresiones de amor / |
| Mención de responsabilidad, etc. |
Mario Barquero Baltodano ; editor Francisco Arellano Oviedo. |
| 260 ## - PUBLICACIÓN, DISTRIBUCIÓN, ETC. |
| Lugar de publicación, distribución, etc. |
Managua, (Nicaragua) : |
| Nombre del editor, distribuidor, etc. |
Asociación Noruega de Escritores ; |
| -- |
Centro Nicaragüense de Escritores ; |
| -- |
Agencia para el desarrollo, |
| Fecha de publicación, distribución, etc. |
2001. |
| 300 ## - DESCRIPCIÓN FÍSICA |
| Extensión |
62 p. ; |
| Dimensiones |
22 cm. |
| 650 #4 - PUNTO DE ACCESO ADICIONAL DE MATERIA--TÉRMINO DE MATERIA |
| Término de materia o nombre geográfico como elemento de entrada |
Novela nicaragüense |
| 9 (RLIN) |
22434 |
| 650 #4 - PUNTO DE ACCESO ADICIONAL DE MATERIA--TÉRMINO DE MATERIA |
| Término de materia o nombre geográfico como elemento de entrada |
Literatura nicaragüense |
| 9 (RLIN) |
8122 |
| 650 #4 - PUNTO DE ACCESO ADICIONAL DE MATERIA--TÉRMINO DE MATERIA |
| Término de materia o nombre geográfico como elemento de entrada |
Novela amorosa nicaragüense |
| 9 (RLIN) |
23353 |
| 650 #4 - PUNTO DE ACCESO ADICIONAL DE MATERIA--TÉRMINO DE MATERIA |
| Término de materia o nombre geográfico como elemento de entrada |
Barquero baltodano, mario, |
| Subdivisión general |
Relatos personales |
| 9 (RLIN) |
23354 |
| 700 1# - PUNTO DE ACCESO ADICIONAL--NOMBRE DE PERSONA |
| Nombre de persona |
Arellano Oviedo, Francisco, |
| Término indicativo de función/relación |
ed. |
| 9 (RLIN) |
23355 |
| 910 ## - DATOS DE OPCIÓN DEL USUARIO (OCLC) |
| Datos de opción del usuario |
Catalogación por copia / LC |